00453nam a2200133Ia 4500008004100000082001200041100003500053245007100088260000900159300001400168942000700182999001700189952011300206190415s9999 xx 000 0 und d aRE.000; aIndia. Ministry of Education a 0aEducation in Universities in India 1968-69 : A statistical survey. c1981 aiii,396p. cBK c13265d13265 00104070aNASSDOCbNASSDOCd2004-10-08i2004-10-22l0oRE.000;p14865r2019-04-18 00:00:00w2019-04-18yBK